[Event "Portugal Open 2020"]
[Site "Lisboa POR"]
[Date "2020.01.27"]
[Round "4.72"]
[White "Van Ginkel, Henk"]
[Black "Miranda, Raúl"]
[Result "1/2-1/2"]
[WhiteElo "1855"]
[BlackElo "1662"]
[WhiteFideId "1036394"]
[BlackFideId "1960660"]
[WhiteCountry "NED"]
[BlackCountry "POR"]
[PlyCount "102"]
[EventDate "2020.01.25"]

1. e4 e5 2. Bc4 Nf6 3. Nc3 Bc5 4. d3 c6 5. Bg5 d6 6. Qd2 b5 7. Bb3 a5 8. a4 b4
9. Nd1 Nbd7 10. Nf3 h6 11. Be3 O-O 12. O-O Ng4 13. h3 Nxe3 14. Nxe3 Nf6 15. g4
Qe7 16. Kh1 Bxe3 17. Qxe3 Nh7 18. Rae1 Ng5 19. Nh4 Be6 20. Nf5 Bxf5 21. exf5 d5
22. f4 Nh7 23. fxe5 Qh4 24. Kg2 Rae8 25. Qg3 Qd8 26. Qf4 Qh4 27. Qf2 Qe7 28. Kg3
Qc7 29. d4 Ng5 30. Kg2 Ne4 31. Qf4 Qb6 32. Qe3 Qc7 33. h4 Qd8 34. Kh3 c5 35. c3
c4 36. Bxc4 bxc3 37. bxc3 Qc7 38. Bxd5 Nxc3 39. Bb3 Rb8 40. Bc2 Rb2 41. Rc1 Na2
42. f6 Rxc2 43. fxg7 Kxg7 44. Rf6 Rc3 45. Rxc3 Qxc3 46. Qxc3 Nxc3 47. Rc6 Nxa4
48. Ra6 Nc3 49. Rxa5 Re8 50. Rc5 Ne4 51. Rc4 Nd2 1/2-1/2

[Event "Portugal Open 2020"]
[Site "Lisboa POR"]
[Date "2020.01.27"]
[Round "4.73"]
[White "Barros, Luís"]
[Black "Porteman, Eric"]
[Result "0-1"]
[WhiteElo "1619"]
[BlackElo "1847"]
[WhiteFideId "23600110"]
[BlackFideId "204099"]
[WhiteCountry "CPV"]
[BlackCountry "BEL"]
[PlyCount "60"]
[EventDate "2020.01.25"]

1. e4 e6 2. Nf3 d5 3. e5 c5 4. c3 d4 5. cxd4 cxd4 6. Bb5+ Nc6 7. Qa4 Bd7 8. O-O
Bc5 9. Qc2 Bb6 10. a4 Rc8 11. Qe4 a6 12. Qg4 Nge7 13. Bd3 Ng6 14. h4 f5 15. Qg3
O-O 16. Na3 Ncxe5 17. Nxe5 Nxe5 18. Qxe5 Qxh4 19. g3 Qh3 20. Nc4 Bc6 21. f3 Bc7
22. Nd6 Bxd6 23. Qxd6 Rf6 24. Be2 e5 25. Qxe5 Re8 26. Bc4+ Kh8 27. Qf4 Rh6 28.
g4 Qh1+ 29. Kf2 Rh2+ 30. Kg3 Qg2# 0-1

[Event "Portugal Open 2020"]
[Site "Lisboa POR"]
[Date "2020.01.27"]
[Round "4.74"]
[White "Taylor, Robert Graham"]
[Black "Dong, Fábio"]
[Result "1-0"]
[WhiteElo "1844"]
[BlackElo "1623"]
[WhiteFideId "1800841"]
[BlackFideId "1958020"]
[WhiteCountry "WLS"]
[BlackCountry "POR"]
[PlyCount "51"]
[EventDate "2020.01.25"]

1. d4 d5 2. c4 c6 3. e3 Nf6 4. Nc3 e6 5. Nf3 Be7 6. Bd3 Nbd7 7. O-O O-O 8. b3 a5
9. Bb2 dxc4 10. Bxc4 b5 11. Bd3 Bb7 12. Qe2 b4 13. Na4 Nb6 14. Nxb6 Qxb6 15. Ne5
h6 16. Rac1 Rac8 17. Rc2 Nd5 18. Nd7 Qd8 19. Nxf8 Qxf8 20. Ba6 Bxa6 21. Qxa6 Qe8
22. Rfc1 Nc7 23. Qxc6 Qxc6 24. Rxc6 Bd8 25. d5 Ra8 26. d6 1-0

[Event "Portugal Open 2020"]
[Site "Lisboa POR"]
[Date "2020.01.27"]
[Round "4.75"]
[White "Dias, José"]
[Black "Burghardt, Michael"]
[Result "0-1"]
[WhiteElo "1593"]
[BlackElo "1839"]
[WhiteFideId "1923943"]
[BlackFideId "12961264"]
[WhiteCountry "POR"]
[BlackCountry "GER"]
[PlyCount "94"]
[EventDate "2020.01.25"]

1. d4 Nf6 2. Bf4 d5 3. e3 Bf5 4. h3 e6 5. Nd2 Bd6 6. g4 Bg6 7. Bg5 Nbd7 8. Bg2
c6 9. Ne2 Qc7 10. c3 e5 11. f4 exf4 12. Nxf4 h6 13. Bxf6 Nxf6 14. O-O O-O-O 15.
a4 Rde8 16. Qf3 Bxf4 17. exf4 Be4 18. Nxe4 Nxe4 19. Qd3 Re7 20. b4 Rhe8 21. Rae1
g6 22. Re3 f5 23. Rff3 Rf8 24. b5 c5 25. dxc5 Qxc5 26. Qd4 Qxd4 27. cxd4 Rc7 28.
Ra3 Rc1+ 29. Kh2 Rc4 30. g5 hxg5 31. fxg5 Rxd4 32. Rf4 Kd7 33. h4 Ke6 34. Bxe4
dxe4 35. Kg3 Rfd8 36. Ra1 Rd2 37. Rf2 R8d3+ 38. Kg2 f4 39. Re1 Kf5 40. Rxd2
Rxd2+ 41. Kh3 e3 42. Rg1 e2 43. Re1 Rd3+ 44. Kg2 Re3 45. Kf2 Kg4 46. Rg1+ Kxh4
47. Ke1 f3 0-1

[Event "Portugal Open 2020"]
[Site "Lisboa POR"]
[Date "2020.01.27"]
[Round "4.76"]
[White "Santos, Ana P"]
[Black "Elias, Rúben"]
[Result "1/2-1/2"]
[WhiteElo "1543"]
[BlackElo "1837"]
[WhiteFideId "1921550"]
[BlackFideId "1906453"]
[WhiteCountry "POR"]
[BlackCountry "POR"]
[PlyCount "117"]
[EventDate "2020.01.25"]

1. e4 e5 2. Nf3 Nc6 3. Bb5 a6 4. Ba4 Nf6 5. O-O Nxe4 6. Re1 Nc5 7. Bxc6 dxc6 8.
Nxe5 Be7 9. d3 O-O 10. Nc3 Be6 11. Bf4 Re8 12. Qd2 Bd6 13. d4 Nd7 14. a3 Nxe5
15. Bxe5 Qd7 16. Bxd6 cxd6 17. d5 Bf5 18. dxc6 bxc6 19. Na4 Qc7 20. c4 Be6 21.
Qf4 Qa5 22. Nc3 Qc5 23. b3 d5 24. Na4 Qa5 25. c5 Rab8 26. Nb6 Qxc5 27. Rxe6 fxe6
28. Nd7 Qc3 29. Rc1 Qxb3 30. Nxb8 Qxb8 31. Qa4 Qb5 32. Qxb5 cxb5 33. Rc6 Kf7 34.
Rxa6 Rc8 35. g3 Rc3 36. Rb6 Rxa3 37. Rxb5 Kf6 38. Rb6 d4 39. Kf1 Ra2 40. Rd6 Ra4
41. Ke2 Ke7 42. Rb6 Ra3 43. f4 Ra2+ 44. Kd3 Rxh2 45. Kxd4 Rg2 46. Rb3 Kf6 47.
Ke4 Kg6 48. Kf3 Ra2 49. Re3 Kf6 50. g4 Ra4 51. g5+ Kf7 52. Re5 Ra1 53. Kg3 Ra3+
54. Kh4 Rd3 55. Kg4 Rd5 56. Rxd5 exd5 57. Kf5 d4 58. Ke4 Ke6 59. f5+ 1/2-1/2

[Event "Portugal Open 2020"]
[Site "Lisboa POR"]
[Date "2020.01.27"]
[Round "4.77"]
[White "Gaudin, Bruno"]
[Black "Bártolo, Filipe"]
[Result "0-1"]
[WhiteElo "1515"]
[BlackElo "1819"]
[WhiteFideId "647861"]
[BlackFideId "1942565"]
[WhiteCountry "FRA"]
[BlackCountry "POR"]
[PlyCount "54"]
[EventDate "2020.01.25"]

1. Nf3 Nf6 2. g3 g6 3. Bg2 Bg7 4. d4 O-O 5. c4 d6 6. Nc3 Nbd7 7. O-O e5 8. dxe5
dxe5 9. e4 c6 10. Qc2 Qe7 11. b3 Nh5 12. Nh4 Qe6 13. Ba3 Re8 14. Rad1 Bf8 15.
Bxf8 Rxf8 16. Ne2 a5 17. Qd2 a4 18. f4 exf4 19. Nxf4 Nxf4 20. Qxf4 axb3 21. axb3
Ra3 22. Rd3 Ne5 23. Re3 Qe7 24. Nf3 Ng4 25. Rd3 Qc5+ 26. Nd4 Ne5 27. h4 Nxd3 0-1

[Event "Portugal Open 2020"]
[Site "Lisboa POR"]
[Date "2020.01.27"]
[Round "4.78"]
[White "Gomes, José Luis"]
[Black "Correia, Pedro Mourão"]
[Result "1-0"]
[WhiteElo "1819"]
[BlackElo "1542"]
[WhiteFideId "1901710"]
[BlackFideId "1959522"]
[WhiteCountry "POR"]
[BlackCountry "POR"]
[PlyCount "45"]
[EventDate "2020.01.25"]

1. e4 d5 2. exd5 Nf6 3. d4 Nxd5 4. c4 Nb6 5. c5 Nd5 6. Bc4 g6 7. Qb3 e6 8. Nf3
Bg7 9. O-O O-O 10. Ne5 c6 11. Nc3 Bxe5 12. dxe5 Nd7 13. Ne4 Kg7 14. Bg5 Qc7 15.
Qh3 h5 16. f4 b6 17. Qh4 Ne3 18. Bf6+ Kg8 19. Qg5 Kh7 20. Rf3 Nxc4 21. Rh3 Nxf6
22. Qxf6 Rh8 23. Rxh5+ 1-0

[Event "Portugal Open 2020"]
[Site "Lisboa POR"]
[Date "2020.01.27"]
[Round "4.79"]
[White "Vera Cruz, Aguinaldo"]
[Black "Pina, Tiago"]
[Result "0-1"]
[WhiteElo "1498"]
[BlackElo "1816"]
[WhiteFideId "23600250"]
[BlackFideId "1950673"]
[WhiteCountry "CPV"]
[BlackCountry "POR"]
[PlyCount "78"]
[EventDate "2020.01.25"]

1. e4 c5 2. Nc3 Nc6 3. Nf3 g6 4. d4 cxd4 5. Nxd4 Bg7 6. Nxc6 bxc6 7. Qf3 e6 8.
Bd2 Ne7 9. Bc4 O-O 10. O-O d5 11. exd5 cxd5 12. Bd3 e5 13. Qg3 e4 14. Be2 Nf5
15. Qh3 Nd4 16. Qg3 Nxc2 17. Rab1 Nd4 18. Rfd1 Be6 19. h3 Rc8 20. Be3 Rxc3 21.
Rxd4 Bxd4 22. bxc3 Bxc3 23. Bxa7 Qa5 24. Bb6 Qxa2 25. Rf1 Bg7 26. Qe3 Rb8 27.
Bg4 Bxg4 28. hxg4 Qb2 29. Bc7 Ra8 30. Bf4 Ra1 31. Rxa1 Qxa1+ 32. Kh2 Qd4 33. Qb3
Be5 34. Bxe5 Qxe5+ 35. g3 d4 36. Qb6 Kg7 37. Kg2 e3 38. fxe3 Qe4+ 39. Kh3 Qh1#
0-1

[Event "Portugal Open 2020"]
[Site "Lisboa POR"]
[Date "2020.01.27"]
[Round "4.80"]
[White "Trinkl, Stefan"]
[Black "Ferreira, Miguel Limão"]
[Result "1-0"]
[WhiteElo "1814"]
[BlackElo "1530"]
[WhiteFideId "16250281"]
[BlackFideId "1952137"]
[WhiteCountry "GER"]
[BlackCountry "POR"]
[PlyCount "69"]
[EventDate "2020.01.25"]

1. e4 e6 2. b3 d5 3. Bb2 dxe4 4. Nc3 b6 5. Nxe4 Bb7 6. Qe2 Nd7 7. O-O-O Ngf6 8.
d3 Be7 9. g4 O-O 10. Bg2 Qc8 11. f4 a5 12. a3 b5 13. f5 exf5 14. gxf5 c5 15. Kb1
a4 16. Nf3 b4 17. Ne5 bxa3 18. Nxd7 Nxd7 19. f6 Nxf6 20. Bxf6 Bxe4 21. Bxe7 Bxg2
22. Qxg2 axb3 23. Bxf8 bxc2+ 24. Kxc2 Kxf8 25. Qd5 Ra4 26. Rhf1 f6 27. Qd6+ Kg8
28. Rb1 Ra8 29. Rfe1 a2 30. Ra1 Qb7 31. Qe6+ Kf8 32. Rxa2 Qg2+ 33. Kb1 Rd8 34.
Ka1 Qg5 35. Qe7+ 1-0

[Event "Portugal Open 2020"]
[Site "Lisboa POR"]
[Date "2020.01.27"]
[Round "4.81"]
[White "Elias, Benjamim"]
[Black "Reis, Fátima"]
[Result "1-0"]
[WhiteElo "1807"]
[BlackElo "1519"]
[WhiteFideId "1903578"]
[BlackFideId "10100423"]
[BlackTitle "WCM"]
[WhiteCountry "POR"]
[BlackCountry "ANG"]
[PlyCount "69"]
[EventDate "2020.01.25"]

1. f4 d6 2. b3 e5 3. e3 Nd7 4. Bb2 Ngf6 5. c4 b6 6. Nf3 e4 7. Nd4 Bb7 8. Nc3 Be7
9. Qc2 O-O 10. O-O-O Nc5 11. h3 d5 12. Rg1 dxc4 13. Bxc4 Bd5 14. Be2 a6 15. g4
b5 16. g5 Ne8 17. Nf5 b4 18. Nxe7+ Qxe7 19. Nxd5 Qd6 20. Qc4 c6 21. Nxb4 a5 22.
Nc2 Nd3+ 23. Bxd3 exd3 24. Ne1 a4 25. Nxd3 axb3 26. axb3 Ra5 27. Kb1 Rd5 28. Nc1
Nc7 29. d3 Nb5 30. Ne2 Ra8 31. Qc1 Na3+ 32. Bxa3 Rxa3 33. Qb2 Rxd3 34. Nc1 Raxb3
35. Rxd3 1-0

[Event "Portugal Open 2020"]
[Site "Lisboa POR"]
[Date "2020.01.27"]
[Round "4.82"]
[White "Avelino, Camila"]
[Black "Abdurramane, Dánial"]
[Result "1-0"]
[WhiteElo "1802"]
[BlackElo "1499"]
[WhiteFideId "1938975"]
[BlackFideId "1962523"]
[WhiteCountry "POR"]
[BlackCountry "POR"]
[PlyCount "85"]
[EventDate "2020.01.25"]

1. e4 e6 2. d4 d5 3. Nd2 c5 4. exd5 exd5 5. Ngf3 Nf6 6. Be2 Nc6 7. O-O cxd4 8.
Nb3 Ne4 9. Nfxd4 Be7 10. Bb5 Bd7 11. c3 O-O 12. Be3 a6 13. Bd3 Bg5 14. Bxg5 Qxg5
15. Nxc6 Bxc6 16. Nd4 Rfe8 17. Qc2 Bd7 18. Rae1 Nf6 19. Nf3 Qf4 20. Qc1 Qxc1 21.
Rxc1 Re7 22. Nd4 Rae8 23. f3 Re3 24. Rcd1 Nh5 25. Nc2 R3e7 26. g3 Nf6 27. Rd2 g6
28. Kf2 Ba4 29. Nb4 a5 30. Nc2 Nd7 31. Nd4 Nc5 32. Bb5 Bxb5 33. Nxb5 Re3 34.
Rfd1 h6 35. Nc7 R8e5 36. Nxd5 Nd3+ 37. Rxd3 Re2+ 38. Kf1 Rxh2 39. R3d2 Rh1+ 40.
Kf2 Rh2+ 41. Kg1 Rh3 42. Kg2 Reh5 43. Nf6+ 1-0

[Event "Portugal Open 2020"]
[Site "Lisboa POR"]
[Date "2020.01.27"]
[Round "4.83"]
[White "Lança, Luis"]
[Black "Curado, Manuel"]
[Result "0-1"]
[WhiteElo "1281"]
[BlackElo "1797"]
[WhiteFideId "1936450"]
[BlackFideId "1905112"]
[WhiteCountry "POR"]
[BlackCountry "POR"]
[PlyCount "46"]
[EventDate "2020.01.25"]

1. e4 c5 2. Nc3 Nc6 3. g3 g6 4. Bg2 Bg7 5. d3 a6 6. f4 d6 7. Nf3 e6 8. O-O Nge7
9. Qe1 Qc7 10. g4 h5 11. g5 Bd7 12. Nh4 O-O-O 13. Qg3 Nd4 14. Qf2 f6 15. Nf3
Nxf3+ 16. Qxf3 fxg5 17. f5 g4 18. Qg3 gxf5 19. exf5 Nxf5 20. Qf4 Bd4+ 21. Kh1 h4
22. Qe4 Ng3+ 23. hxg3 hxg3+ 0-1

[Event "Portugal Open 2020"]
[Site "Lisboa POR"]
[Date "2020.01.27"]
[Round "4.84"]
[White "Artozqui Irurzun, Ernesto"]
[Black "Santos, Isabel P"]
[Result "0-1"]
[WhiteElo "1241"]
[BlackElo "1782"]
[WhiteFideId "54581826"]
[BlackFideId "1921681"]
[WhiteCountry "ESP"]
[BlackCountry "POR"]
[PlyCount "60"]
[EventDate "2020.01.25"]

1. c4 c6 2. Nc3 d5 3. cxd5 cxd5 4. d4 Nf6 5. Nf3 e6 6. Bg5 Be7 7. e3 O-O 8. Bd3
Nc6 9. O-O Bd7 10. a3 Rc8 11. e4 Nxe4 12. Bxe7 Nxe7 13. Nxe4 dxe4 14. Bxe4 Qb6
15. Bxh7+ Kxh7 16. Ng5+ Kg6 17. Qg4 f5 18. Qg3 f4 19. Qg4 Nd5 20. Rfe1 Nf6 21.
Qxf4 Nh5 22. Qe4+ Rf5 23. Qxe6+ Bxe6 24. Rxe6+ Qxe6 25. Nxe6 Nf4 26. g4 Rf6 27.
Nc5 Ne2+ 28. Kg2 Nxd4 29. Rd1 Rxc5 30. Rxd4 Rc2 0-1

[Event "Portugal Open 2020"]
[Site "Lisboa POR"]
[Date "2020.01.27"]
[Round "4.85"]
[White "Gama, João Tiago"]
[Black "Chávez Dulce, Angie"]
[Result "1/2-1/2"]
[WhiteElo "1214"]
[BlackElo "1771"]
[WhiteFideId "1961160"]
[BlackFideId "4407059"]
[WhiteCountry "POR"]
[BlackCountry "COL"]
[PlyCount "52"]
[EventDate "2020.01.25"]

1. e4 e5 2. Nf3 Nc6 3. d4 exd4 4. Nxd4 Bc5 5. Be3 Qf6 6. c3 Bb6 7. Bc4 Nge7 8.
O-O O-O 9. Na3 Ne5 10. Be2 d6 11. Ndb5 Rd8 12. Bxb6 cxb6 13. Nc4 Nxc4 14. Bxc4
Nc6 15. Nc7 Rb8 16. Nd5 Qg6 17. f3 Re8 18. Qd2 Ne5 19. Bb5 Bd7 20. Bxd7 Nxd7 21.
Rad1 Ne5 22. Kh1 Nc4 23. Qe2 Rbc8 24. b3 Ne5 25. c4 Nc6 26. Rd2 f5 1/2-1/2

[Event "Portugal Open 2020"]
[Site "Lisboa POR"]
[Date "2020.01.27"]
[Round "4.86"]
[White "Zilles, Paul"]
[Black "Palhas, Miguel Brando"]
[Result "1-0"]
[WhiteElo "1761"]
[BlackElo "1490"]
[WhiteFideId "205990"]
[BlackFideId "1961349"]
[WhiteCountry "BEL"]
[BlackCountry "POR"]
[PlyCount "133"]
[EventDate "2020.01.25"]

1. b4 e5 2. Bb2 Nf6 3. b5 d6 4. e3 Be7 5. Be2 O-O 6. Nf3 c6 7. a4 Nbd7 8. O-O
Re8 9. c4 e4 10. Nd4 Ne5 11. d3 c5 12. Nb3 Bf8 13. dxe4 Nxe4 14. Nc3 Nf6 15. Nd5
Nxd5 16. cxd5 Qh4 17. Nd2 Bg4 18. Bxe5 Bxe2 19. Qxe2 dxe5 20. e4 Rad8 21. a5 Rd6
22. f3 f5 23. Qf2 Qg5 24. Nc4 Rg6 25. Rad1 fxe4 26. fxe4 Rf6 27. Qe3 Qxe3+ 28.
Nxe3 Rd8 29. Nc4 Bd6 30. Rxf6 gxf6 31. Rf1 Kf7 32. Rf5 Bc7 33. Kf2 Kg6 34. g4
Bd6 35. h4 h6 36. Kf3 Rd7 37. g5 hxg5 38. hxg5 fxg5 39. Kg4 Bc7 40. Rxg5+ Kf6
41. Rf5+ Ke7 42. b6 axb6 43. axb6 Bb8 44. Rh5 Rd8 45. Rg5 Rf8 46. Rg7+ Rf7 47.
d6+ Ke6 48. Rxf7 Kxf7 49. Nxe5+ Ke6 50. d7 Ke7 51. Nc4 Kxd7 52. Na5 Ke6 53. Nxb7
c4 54. Nc5+ Kd6 55. Na4 Ke5 56. Kg5 Kxe4 57. Kf6 Kd5 58. Kf5 Kc6 59. Ke4 Kb5 60.
Nc3+ Kb4 61. Nd5+ Kb3 62. Kd4 Bg3 63. b7 Bf2+ 64. Ne3 Bg3 65. Nxc4 Kb4 66. Ne5
Bf2+ 67. Kd5 1-0

[Event "Portugal Open 2020"]
[Site "Lisboa POR"]
[Date "2020.01.27"]
[Round "4.87"]
[White "Gomes, Tiago Miguel"]
[Black "Barreiros, Cilauro"]
[Result "1/2-1/2"]
[WhiteElo "1182"]
[BlackElo "1759"]
[WhiteFideId "1936204"]
[BlackFideId "1907018"]
[WhiteCountry "POR"]
[BlackCountry "POR"]
[PlyCount "197"]
[EventDate "2020.01.25"]

1. e4 e5 2. Nf3 Nc6 3. Bb5 a6 4. Ba4 d6 5. c3 Nf6 6. Bc2 Bg4 7. d4 exd4 8. cxd4
d5 9. e5 Ne4 10. a3 Be7 11. Nc3 Ng5 12. Bxg5 Bxg5 13. Bb3 Bxf3 14. gxf3 Ne7 15.
Rg1 Bh6 16. f4 c6 17. Qh5 Qb6 18. Qd1 O-O-O 19. Na4 Qa5+ 20. Ke2 Kb8 21. Qc2 g6
22. Kf3 Nf5 23. Qd3 Qb5 24. Rgd1 Nh4+ 25. Kg4 Ng2 26. f5 gxf5+ 27. Kxf5 Rhg8 28.
Qxb5 axb5 29. Nc5 Rg5+ 30. Kf6 Nh4 31. Bc2 Rg2 32. Rf1 Nf3 33. Nd3 Nxd4 34. Ne1
Rg6+ 35. Bxg6 fxg6 36. e6 Rd6 37. Ke5 Nf5 38. Kf6 Bg7+ 39. Kf7 Kc7 40. Nd3 Rd8
41. e7 Rd6 42. e8=N+ Kd7 43. Nxd6 Kxd6 44. Rfe1 Bd4 45. Re6+ Kd7 46. Rae1 Kc7
47. Re7+ Nxe7 48. Rxe7+ Kb6 49. Ke6 h5 50. Kd7 g5 51. Kc8 c5 52. b4 c4 53. Kb8
Kc6 54. Ne1 c3 55. Nc2 Kd6 56. Rxb7 Bxf2 57. Rxb5 d4 58. Nxd4 Bxd4 59. Rb7 Kc6
60. Kc8 Be5 61. Rf7 Bf4 62. Re7 c2 63. Re1 c1=Q 64. Rxc1+ Bxc1 65. a4 Bd2 66.
b5+ Kb6 67. Kd7 Ba5 68. Kd6 h4 69. Ke5 Kc5 70. Kf5 Bd8 71. Kg4 Kb4 72. b6 Bxb6
73. Kxg5 Bd8+ 74. Kg4 Kxa4 75. h3 Kb4 76. Kf3 Kc4 77. Ke4 Be7 78. Kf3 Kd4 79.
Kf4 Bd8 80. Kf3 Bc7 81. Kg4 Bg3 82. Kf3 Kd3 83. Kg2 Kd2 84. Kf1 Ke3 85. Kg2 Ke2
86. Kg1 Kf3 87. Kh1 Be5 88. Kg1 Kg3 89. Kh1 Kxh3 90. Kg1 Kg3 91. Kh1 Bf6 92. Kg1
Be7 93. Kh1 Kf2 94. Kh2 Bd6+ 95. Kh1 Kf3 96. Kg1 h3 97. Kh1 Bg3 98. Kg1 h2+ 99.
Kh1 1/2-1/2

[Event "Portugal Open 2020"]
[Site "Lisboa POR"]
[Date "2020.01.27"]
[Round "4.92"]
[White "Pfeiffer, Noah"]
[Black "Antunes, Ana"]
[Result "1-0"]
[WhiteElo "1825"]
[BlackElo "1215"]
[WhiteFideId "241881"]
[BlackFideId "1936310"]
[WhiteCountry "BEL"]
[BlackCountry "POR"]
[PlyCount "73"]
[EventDate "2020.01.25"]

1. c4 e5 2. g3 Nf6 3. Bg2 g6 4. Nc3 Bg7 5. d3 d6 6. Nf3 O-O 7. O-O Nbd7 8. a3 a5
9. Qc2 Ne8 10. Nd2 Nc5 11. b3 f5 12. Bb2 Bd7 13. b4 Ne6 14. e3 c6 15. Ne2 Nf6
16. Bc3 axb4 17. axb4 Qb6 18. Qb2 Nc7 19. Nb3 Na6 20. Na5 Rac8 21. Qa2 Kh8 22.
Nxb7 Ra8 23. Nxd6 Nxb4 24. Qxa8 Rxa8 25. Rxa8+ Bf8 26. Rxf8+ Kg7 27. Rf7+ Kh6
28. Rxf6 Nxd3 29. Nf7+ Kg7 30. Rd6 Nc5 31. Nxe5 Kf8 32. Nxd7+ Nxd7 33. Rxd7 Qa6
34. Ra1 Qc8 35. Raa7 Qe8 36. Rxh7 Kg8 37. Rh8# 1-0

[Event "Portugal Open 2020"]
[Site "Lisboa POR"]
[Date "2020.01.27"]
[Round "4.93"]
[White "Bornand, Herbert"]
[Black "Corrie, Michael"]
[Result "1/2-1/2"]
[WhiteElo "1722"]
[BlackElo "1423"]
[WhiteFideId "1313207"]
[BlackFideId "2631067"]
[WhiteCountry "SUI"]
[BlackCountry "CAN"]
[PlyCount "66"]
[EventDate "2020.01.25"]

1. d4 d5 2. Nc3 e6 3. e4 dxe4 4. Nxe4 Nf6 5. Bg5 Be7 6. Bxf6 Bxf6 7. Nf3 Nc6 8.
c3 O-O 9. Bd3 e5 10. d5 Ne7 11. Nxf6+ gxf6 12. c4 Bf5 13. Bxf5 Nxf5 14. O-O Kh8
15. Qd3 Qd7 16. Rfe1 Rg8 17. Re4 Rg7 18. Kf1 Nd6 19. Re3 e4 20. Rxe4 Nxe4 21.
Qxe4 Re8 22. Qd4 Qg4 23. Qxg4 Rxg4 24. b3 Rge4 25. g3 Kg7 26. Nh4 Re2 27. Nf5+
Kf8 28. Ne3 Rb2 29. Nd1 Rd2 30. Ne3 a5 31. Ke1 Rb2 32. Kf1 Kg7 33. g4 b6 1/2-1/2

[Event "Portugal Open 2020"]
[Site "Lisboa POR"]
[Date "2020.01.27"]
[Round "4.94"]
[White "Azinheira, André"]
[Black "Heid, Magdalene"]
[Result "1-0"]
[WhiteElo "1634"]
[BlackElo "1414"]
[WhiteFideId "1931920"]
[BlackFideId "16276957"]
[WhiteCountry "POR"]
[BlackCountry "GER"]
[PlyCount "85"]
[EventDate "2020.01.25"]

1. e4 e6 2. d4 d5 3. Nc3 Bb4 4. e5 c5 5. Bd2 Ne7 6. f4 Nbc6 7. Nf3 Nf5 8. Nb5
Bxd2+ 9. Qxd2 cxd4 10. Nbxd4 Ncxd4 11. Nxd4 Qh4+ 12. Kd1 Nxd4 13. Qxd4 Bd7 14.
g3 Qe7 15. Bd3 O-O 16. Kd2 Rfc8 17. c3 Qc5 18. Rhc1 a6 19. Qxc5 Rxc5 20. b4 Rc7
21. c4 dxc4 22. Rxc4 Rxc4 23. Bxc4 Rd8 24. Rc1 Bc6+ 25. Ke3 b5 26. Bxe6 fxe6 27.
Rxc6 Kf7 28. Rxa6 Rd1 29. Ra7+ Kf8 30. Ra5 Ra1 31. Kd4 Rd1+ 32. Kc5 Rd5+ 33. Kc6
Rd2 34. Kxb5 Rxh2 35. Ka6 Rg2 36. Ra3 h5 37. b5 Rb2 38. b6 Ke7 39. Ka7 Kd7 40.
b7 Kc7 41. Rc3+ Kd7 42. a3 Rb5 43. b8=Q 1-0

[Event "Portugal Open 2020"]
[Site "Lisboa POR"]
[Date "2020.01.27"]
[Round "4.95"]
[White "Rocha, Pedro Daniel"]
[Black "Florissi, Aldo"]
[Result "1-0"]
[WhiteElo "1615"]
[BlackElo "1351"]
[WhiteFideId "1943278"]
[BlackFideId "28513428"]
[WhiteCountry "POR"]
[BlackCountry "ITA"]
[PlyCount "73"]
[EventDate "2020.01.25"]

1. d4 Nf6 2. Nc3 e6 3. Bf4 d5 4. e3 c5 5. Nb5 Na6 6. c3 Bd7 7. a4 c4 8. Nf3 Be7
9. Be2 O-O 10. O-O Bxb5 11. axb5 Nc7 12. Qa4 b6 13. Ne5 Bd6 14. b3 Bxe5 15. Bxe5
Ne4 16. Rfc1 f6 17. Bxc7 Qxc7 18. bxc4 f5 19. f3 Ng5 20. cxd5 exd5 21. c4 Qe7
22. Rc3 f4 23. Kf2 Rf6 24. cxd5 Rh6 25. e4 Rxh2 26. Qa2 Nh3+ 27. Ke1 Qh4+ 28.
Kd2 Qf2 29. d6+ Kh8 30. d7 Qxd4+ 31. Rd3 Qb4+ 32. Kc2 h6 33. d8=Q+ Rxd8 34.
Rxd8+ Kh7 35. Qg8+ Kg6 36. Qe6+ Kh5 37. Qg4# 1-0

[Event "Portugal Open 2020"]
[Site "Lisboa POR"]
[Date "2020.01.27"]
[Round "4.96"]
[White "Cavadas, José"]
[Black "Oliveira, António Augusto"]
[Result "0-1"]
[WhiteElo "1529"]
[BlackElo "1568"]
[WhiteFideId "1904990"]
[BlackFideId "1943235"]
[WhiteCountry "POR"]
[BlackCountry "POR"]
[PlyCount "70"]
[EventDate "2020.01.25"]

1. d4 Nf6 2. Nf3 g6 3. c4 d5 4. Nc3 Bg7 5. Bf4 c6 6. cxd5 Nxd5 7. e3 Qa5 8. Qb3
O-O 9. Bg3 Be6 10. Qa4 Qxa4 11. Nxa4 Nb4 12. Kd2 Bxa2 13. Kc3 a5 14. b3 Nd7 15.
Bc7 Nd5+ 16. Kb2 Bxb3 17. Kxb3 Nxc7 18. Bd3 Nd5 19. Rac1 Rfc8 20. Ne5 Bxe5 21.
dxe5 Nxe5 22. Be2 Nd7 23. Rhd1 b5 24. Nc5 a4+ 25. Ka2 Nxc5 26. Rxc5 b4 27. Bg4
f5 28. Rdxd5 cxd5 29. Rxc8+ Rxc8 30. Bf3 e6 31. Kb2 Rc3 32. Bd1 a3+ 33. Ka2 e5
34. Bb3 Rxb3 35. Kxb3 d4 0-1

[Event "Portugal Open 2020"]
[Site "Lisboa POR"]
[Date "2020.01.27"]
[Round "4.97"]
[White "Nunes, Adelino"]
[Black "Martins, Domingos"]
[Result "1-0"]
[WhiteElo "1544"]
[BlackElo "1332"]
[WhiteFideId "1908111"]
[BlackFideId "1947389"]
[WhiteCountry "POR"]
[BlackCountry "POR"]
[PlyCount "95"]
[EventDate "2020.01.25"]

1. e4 c5 2. Nf3 Nc6 3. g3 g6 4. Bg2 Bg7 5. O-O d6 6. c4 Nf6 7. d3 O-O 8. a3 a5
9. Nc3 Bd7 10. h3 Rb8 11. a4 Qc8 12. Kh2 e5 13. Nb5 Ne8 14. Rb1 f5 15. exf5 Bxf5
16. Nh4 Bd7 17. Be3 Nd4 18. Bxd4 exd4 19. f4 Ra8 20. b3 Bc6 21. Qe2 Bxg2 22.
Qxg2 Kh8 23. Rbe1 Qd7 24. Rf2 Nf6 25. Rfe2 Rae8 26. Nf3 Rxe2 27. Rxe2 h6 28. Nd2
d5 29. Nf3 dxc4 30. Ne5 Qf5 31. bxc4 Ng8 32. Nd6 Qf6 33. Qe4 Ne7 34. Nxb7 Qb6
35. Nd7 Qc6 36. Qxc6 Nxc6 37. Nxf8 Bxf8 38. Kg2 Kh7 39. Kf3 h5 40. Re6 Nb4 41.
Ke4 Kh6 42. Nxa5 Nc2 43. f5 Ne3 44. Rxg6+ Kh7 45. Nb7 Be7 46. a5 h4 47. a6 Nf1
48. a7 1-0

[Event "Portugal Open 2020"]
[Site "Lisboa POR"]
[Date "2020.01.27"]
[Round "4.98"]
[White "Fonseca, René Gil"]
[Black "Dong, Rafael"]
[Result "0-1"]
[WhiteElo "1332"]
[BlackElo "1656"]
[WhiteFideId "1957767"]
[BlackFideId "1958038"]
[WhiteCountry "POR"]
[BlackCountry "POR"]
[PlyCount "52"]
[EventDate "2020.01.25"]

1. e4 c6 2. d4 d5 3. exd5 cxd5 4. c4 Nf6 5. Nc3 Nc6 6. Bg5 e6 7. a3 Be7 8. Nf3
O-O 9. Bd3 h6 10. Bh4 dxc4 11. Bxc4 b6 12. O-O Bb7 13. Re1 Rc8 14. Ba2 Nd5 15.
Bxe7 Ncxe7 16. Nxd5 Bxd5 17. Bxd5 Nxd5 18. Qa4 Qc7 19. Ne5 Qc2 20. Qxc2 Rxc2 21.
b4 Rfc8 22. b5 Rb2 23. a4 Rcc2 24. Nd3 Ra2 25. Rec1 Rxa4 26. Rcb1 Rxd4 0-1

[Event "Portugal Open 2020"]
[Site "Lisboa POR"]
[Date "2020.01.27"]
[Round "4.99"]
[White "Costa, Fábio"]
[Black "Gonçalves, Carlos"]
[Result "1/2-1/2"]
[WhiteElo "1258"]
[BlackElo "1638"]
[WhiteFideId "1961063"]
[BlackFideId "1912879"]
[WhiteCountry "POR"]
[BlackCountry "POR"]
[PlyCount "100"]
[EventDate "2020.01.25"]

1. e4 d6 2. d4 Nf6 3. Nc3 g6 4. f4 Bg4 5. Nf3 c6 6. Be2 Bg7 7. h3 Bd7 8. O-O O-O
9. Be3 d5 10. e5 Nh5 11. Qe1 Bh6 12. Ng5 Ng7 13. g4 Ne6 14. Nxe6 fxe6 15. Qh4
Bg7 16. Bd3 Qe8 17. Rf2 Na6 18. a3 Rc8 19. b4 Nc7 20. Raf1 Nb5 21. Nxb5 cxb5 22.
f5 exf5 23. gxf5 Bxf5 24. Bxf5 Rxf5 25. Rxf5 gxf5 26. Rf2 e6 27. Bh6 Qd8 28. Bg5
Qf8 29. Bf6 Rc7 30. Rg2 Kh8 31. Bxg7+ Rxg7 32. Rxg7 Qxg7+ 33. Kf2 h6 34. Kf3 Qg5
35. Qg3 Kh7 36. Qf2 Qh5+ 37. Kg2 Qg6+ 38. Kf3 Qg5 39. h4 Qg4+ 40. Ke3 Qh3+ 41.
Ke2 Qh1 42. c3 Qc1 43. Qg3 Qc2+ 44. Kf1 Qd1+ 45. Kf2 Qg4 46. Qxg4 fxg4 47. h5
Kg7 48. Kg3 Kf7 49. Kxg4 Ke7 50. Kf3 Kd7 1/2-1/2